Statistics for "Of Something" Book Titles

Click here to take the quiz!

General Stats

  • This quiz has been taken 42,660 times
  • The average score is 17 of 27

Answer Stats

Book Title% Correct
A {Tale} of Two Cities
96%
A {Game} of Thrones
95%
{Lord} of the Flies
94%
The {Hunchback} of Notre-Dame
93%
{Diary} of a Wimpy Kid
89%
The {Count} of Monte Cristo
83%
The {Grapes} of Wrath
83%
The {Last} of the Mohicans
80%
The {Adventures} of Tom Sawyer
77%
{Anne} of Green Gables
73%
The {Hound} of the Baskervilles
73%
{Death} of a Salesman
72%
The {Taming} of the Shrew
72%
The {Call} of the Wild
69%
The {Merchant} of Venice
68%
The {Picture} of Dorian Gray
59%
{Tropic} of Cancer
57%
{Memoirs} of a Geisha
52%
{Tess} of the d'Urbervilles
51%
The {Bridges} of Madison County
50%
The {Island} of Dr. Moreau
39%
The {Red} {Badge} of Courage
37%
The {Bonfire} of the Vanities
35%
The {Clan} of the Cave Bear
25%
A {Confederacy} of Dunces
21%
{Remembrance} of Things Past
19%
The {Way} of All Flesh
15%

Score Distribution

Percentile by Number Answered

Percent of People with Each Score

Your Score History

You have not taken this quiz